রবীন্দ্র-রচনাবলী ; দ্বাবিংশ খণ্ড / (Record no. 232241)
[ view plain ]
| 000 -LEADER | |
|---|---|
| fixed length control field | 01065nam a22002297a 4500 |
| 003 - CONTROL NUMBER IDENTIFIER | |
| control field | BD-DhUL |
| 005 - DATE AND TIME OF LATEST TRANSACTION | |
| control field | 20171120154714.0 |
| 008 - FIXED-LENGTH DATA ELEMENTS--GENERAL INFORMATION | |
| fixed length control field | 161018s2016 bg a|||| |||| 001 0 ben |
| 020 ## - INTERNATIONAL STANDARD BOOK NUMBER | |
| International Standard Book Number | 9789847762951 |
| 040 ## - CATALOGING SOURCE | |
| Original cataloging agency | BD-DhUL |
| Transcribing agency | BD-DhUL |
| 082 ## - DEWEY DECIMAL CLASSIFICATION NUMBER | |
| Classification number | 891.44 |
| Item number | TAR |
| Edition number | 22 |
| 100 1# - MAIN ENTRY--PERSONAL NAME | |
| Personal name | ঠাকুর, রবীন্দ্রনাথ । |
| 245 1# - TITLE STATEMENT | |
| Title | রবীন্দ্র-রচনাবলী ; দ্বাবিংশ খণ্ড / |
| Statement of responsibility, etc. | রবীন্দ্রনাথ ঠাকুর ; সম্পাদিত, সৈয়দ আকরম হোসেন |
| 260 ## - PUBLICATION, DISTRIBUTION, ETC. (IMPRINT) | |
| Place of publication, distribution, etc. | ঢাকা : |
| Name of publisher, distributor, etc. | ঐতিহ্য, |
| Date of publication, distribution, etc. | ২০১৬। |
| 300 ## - PHYSICAL DESCRIPTION | |
| Extent | খ. , [৪] পাতা প্লেটস : |
| Other physical details | সম্মুখ চিত্র, চিত্র ; |
| Dimensions | ২২ সেমি.। |
| 365 ## - TRADE PRICE | |
| Price type code | BDT |
| Price amount | 40000.00 |
| 500 ## - GENERAL NOTE | |
| General note | নির্ঘণ্ট সংবলিত। |
| 650 ## - SUBJECT ADDED ENTRY--TOPICAL TERM | |
| Topical term or geographic name as entry element | বাংলা সাহিত্য। |
| 650 ## - SUBJECT ADDED ENTRY--TOPICAL TERM | |
| Topical term or geographic name as entry element | Bangla literature. |
| 700 1# - ADDED ENTRY--PERSONAL NAME | |
| Personal name | হোসেন, সৈয়দ আকরম |
| Relator term | সম্পাদক |
| 942 ## - ADDED ENTRY ELEMENTS (KOHA) | |
| Source of classification or shelving scheme | |
| Koha item type | Books |
| Price effective from | Date last seen | Permanent Location | Not for loan | Date acquired | Source of classification or shelving scheme | Koha item type | Lost status | Withdrawn status | Copy number | Source of acquisition | Collection code | Damaged status | Shelving location | Barcode | Current Location | Full call number |
|---|---|---|---|---|---|---|---|---|---|---|---|---|---|---|---|---|
| 2017-11-20 | 2017-11-20 | Dhaka University Library | 0000-00-00 | Books | 1 | Purchased | Non Fiction | General Stacks | 504332 | Dhaka University Library | 891.44 TAR | |||||
| 2018-07-30 | 2018-07-30 | Dhaka University Library | 2003-07-18 | Books | 2 | Purchased | Non Fiction | General Stacks | 505968 | Dhaka University Library | 891.44 TAR | |||||
| 2018-07-30 | 2018-07-30 | Dhaka University Library | 2003-07-18 | Books | 3 | Purchased | Non Fiction | General Stacks | 505998 | Dhaka University Library | 891.44 TAR |
